Largest Cities in the World Beginning With 'Ra' - Statistics

General Stats
  • This quiz has been taken 82 times
  • The average score is 5 of 26
Answer Stats
# Population Country Answer % Correct
2 2,150,000 Morocco Rabat
100%
4 1,810,000 United States Raleigh
80%
1 3,800,000 Pakistan Rawalpindi
75%
2 2,150,000 India Rajkot
41%
6 1,123,558 India Raipur
36%
5 1,590,000 India Ranchi
23%
18 263,000 United Arab Emirates Ras al-Khaimah
22%
19 253,808 Palestine / Egypt Rafah
20%
26 196,005 Poland Radom
13%
8 708,534 Bangladesh Rangpur
11%
7 763,952 Bangladesh Rajshahi
9%
9 679,995 Iran Rasht
9%
13 349,258 India Rampur
8%
14 290,864 Chile Rancagua
6%
24 211,351 Vietnam Rach Giá
5%
16 267,521 Thailand Rayong
3%
22 234,073 India Raichur
2%
11 476,873 India Rajahmundry
2%
23 223,525 Iraq Ramadi
2%
20 252,308 India Ramagundam
2%
17 264,330 India Ranippettai
2%
12 420,963 Pakistan Rahimyar Khan
0%
25 199,690 India Raiganj
0%
21 234,499 India Ranaghat
0%
15 273,998 India Ratlam
0%
10 552,239 India Raurkela
0%
No matching quizzes found
Score Distribution
Percent of People with Each Score
Percentile by Number Answered
Your Score History
You have not taken this quiz